000 00681nam a22001937a 4500
999 _c187090
_d187090
005 20220331122548.0
010 _aENG-132178
020 _a9788195391943
_c999.00
035 _aEN-115710
037 _bDBAD/PUB
082 _a621.3192
100 _aPatra, P. Santosh Kumar
245 _aElectrical Circuit Analysis/
_cP. Santosh Kumar Patra [et.al..]
260 _aHyderabad
_bSrikrishna Techno Books
_c2021
270 _a#326, III Floor, Surneni Nilayam Near B K Guda Park, S R Nagar
_mstudentshelpline.in@gmail.com
_e500038
_bHyderabad
300 _axvi, 360p.
_c24cm(pbk)
700 _aPatra, P. Santosh Kumar [et.al...]
942 _2ddc
_cEN
_mELE
_h621.3192